K problematike oceňovania netrhových statkov
Moderné trhové ekonomiky charakterizuje z hľadiska produkcie a spotreby statkov zvyšujúci sa význam produkcie a spotreby tzv. netrhových statkov (napr. netrhové statky v oblasti environmentálnych statkov, v oblasti spoločenskej bezpečnosti). Problém objektívneho oceňovania netrhových statkov spočíva...
Gespeichert in:
| 1. Verfasser: | |
|---|---|
| Weitere Verfasser: | |
| Format: | Buchkapitel |
| Sprache: | Slowakisch |
| Schlagworte: | |
| Tags: |
Keine Tags, Fügen Sie das erste Tag hinzu!
|
MARC
| LEADER | 00000naa$a2200000$$$4500 | ||
|---|---|---|---|
| 001 | 0042110 | ||
| 005 | 20221025093233.0 | ||
| 041 | 0 | |a slo | |
| 044 | |a SK | ||
| 245 | 1 | 0 | |a K problematike oceňovania netrhových statkov |c Anna Tomová, Mikuláš Szilágyi |
| 520 | |a Moderné trhové ekonomiky charakterizuje z hľadiska produkcie a spotreby statkov zvyšujúci sa význam produkcie a spotreby tzv. netrhových statkov (napr. netrhové statky v oblasti environmentálnych statkov, v oblasti spoločenskej bezpečnosti). Problém objektívneho oceňovania netrhových statkov spočíva v tom, že neexistuje cena ponuky a cena dopytu, pretože interakcia statku medzi produkciou a spotrebou je zabezpečovaná mimo trhového mechanizmu. K otázke systematickej klasifikácie metód oceňovania netrhových statkov nie je jednoznačný konsenzus, existujú rozličné klasifikačné kritériá. | ||
| 610 | 2 | 0 | |a oceňovanie |
| 610 | 2 | 0 | |a metódy |
| 610 | 2 | 0 | |a oceňovanie ekonomické |
| 610 | 2 | 0 | |a hodnota |
| 610 | 2 | 0 | |a prostredie životné |
| 610 | 2 | 0 | |a bezpečnosť |
| 610 | 2 | 0 | |a majetok nehmotný |
| 100 | 1 | |a Tomová, Anna | |
| 700 | 1 | |a Szilágyi, Mikuláš | |